000 00684nam a2200229Ia 4500
003 GCL
008 140319s9999 xx 000 0 ara d
040 _aGCL /
_cGCL
082 0 4 _a214
_bم ج
100 1 _aمحمد سعيد العشماوى
245 1 0 _aجوهر الاسلام /
_cمحمد سعيد العشماوى
250 _aالثالثة
260 _aالقاهرة :
_bسينا للنشر
300 _a153 ص ؛
_c24 سم
490 _a
650 0 4 _aالثقافة الاسلامية
650 0 4 _aالشريعة الاسلامية
650 0 4 _aالديانات
650 0 4 _aالاحكام الاسلامية
650 0 4 _aالقران
942 _2ddc
_cBK
999 _c43140
_d43140